Les oiseaux dans les films - Statistiques

Statistiques générales
  • Ce quiz a été pris 193 fois
  • Le résultat moyen est 9 sur 16
Statistiques - réponses
Par images Réponse % Correct
Le Roi Lion
99%
Aladdin
96%
Pocahontas
90%
Rio
82%
Mary Poppins
80%
Les Oiseaux
76%
Chicken Run
75%
Jumanji
64%
Pirates des Caraïbes : La Malédiction du Black Pearl
55%
La Marche de l'Empereur
54%
Space Jam
45%
Le Roi et l'Oiseau
31%
Monsieur Popper et ses pingouins
14%
Bernie
12%
Le Corbeau
10%
Dumb and Dumber
5%
Aucun quiz correspondant
Distribution des résultats
% des personnes avec chaque résultat
Percentile par nombre de réponses
Votre historique - résultats
Vous n’avez pas pris ce quiz